00581nam a2200169 a 450000100100000000500170001000800410002702000180006804000250008608200130011110000270012424500570015126000400020830000290024895201170027799900170039400002794620200930031225.0110406s2010 sp a 000 0 spa d a9789962040255 aDO-SdBNPbspacBNPHU axxxbxxx1 aSerrats, martha95501210aMil ideas de diseño de jardines /cMartha Serrats. aBarcelona :bLexus Editores,c2010. a419 p. :bils. ;c28 cm. 001054708MOaGRbGRcCTd2011-10-04iLF1l0oxxx xxxp27946-30r2020-06-25w2020-06-25y4ZPréstamo en sala c27438d27438